Normal view
MARC view
Entry Personal Name
001 - CONTROL NUMBER
- control field: 8518
003 - CONTROL NUMBER IDENTIFIER
- control field: OSt
005 - DATE AND TIME OF LATEST TRANSACTION
- control field: 20160506125534.0
008 - FIXED-LENGTH DATA ELEMENTS
- fixed length control field: 160506|| aca||aabn | a|a d
040 ## - CATALOGING SOURCE
- Original cataloging agency: OSt
- Transcribing agency: OSt
100 ## - HEADING--PERSONAL NAME
- Personal name: Norman, Nicholas C.
670 ## - SOURCE DATA FOUND
- Source citation: Work cat.: (OSt)3881: Norman, Nicholas C., Periodicity and the p-block elements /, 1994.
